书目信息 |
| 题名: |
解构与传承
|
|
| 作者: | 苗润田 著 | |
| 分册: | ||
| 出版信息: | 济南 齐鲁书社 2002 |
|
| 页数: | 293页 | |
| 开本: | 21cm | |
| 丛书名: | ||
| 单 册: | ||
| 中图分类: | B222.05 | |
| 科图分类: | ||
| 主题词: | 儒家--研究 | |
| 电子资源: | ||
| ISBN: | 7-5333-1114-0 | |
| 000 | 00745nam0 2200217 45 | |
| 001 | 0402030180 | |
| 005 | 20040203015504.1 | |
| 010 | @a7-5333-1114-0@dCNY21.00 | |
| 100 | @a20040203d2002 km y0chiy0120 ea | |
| 101 | 0 | @achi |
| 105 | @a z 000yy | |
| 200 | 1 | @a解构与传承@AJie Gou Yu Chuan Cheng@e孔子、儒学及其现代价值研究@EKong Zi、Ru Xue Ji Qi Xian Dai Jia Zhi Yan Jiu@f苗润田著@FMiao Run Tian Zhu |
| 210 | @a济南@c齐鲁书社@d2002 | |
| 215 | @a293页@d21cm | |
| 517 | 1 | @a孔子、儒学及其现代价值研究@AKong Zi、Ru Xue Ji Qi Xian Dai Jia Zhi YanJiu |
| 600 | 0 | @a孔丘(前551-前479)@x哲学思想@x研究 |
| 606 | 0 | @a儒家@x研究 |
| 690 | @aB222.05@v4 | |
| 701 | 0 | @a苗润田@4著 |
| 801 | @aCN@bTSTCL@c20040203 | |
| 905 | @f5@b333603-607@dB222.05@e205 | |
| 解构与传承:孔子、儒学及其现代价值研究/苗润田著.-济南:齐鲁书社,2002 |
| 293页;21cm |
| ISBN 7-5333-1114-0:CNY21.00 |
| ● |
| 相关链接 |
|
|
|
|
正题名:解构与传承
索取号:B222.05/205
 
预约/预借
| 序号 | 登录号 | 条形码 | 馆藏地/架位号 | 状态 | 备注 |
| 1 | 0333603 | 203336032 | 第一借阅区/ [索取号:B222.05/205] | 在馆 | |
| 2 | 0333604 | 203336041 | 第一借阅区/ [索取号:B222.05/205] | 在馆 | |
| 3 | 0333605 | 203336050 | 第一借阅区/ [索取号:B222.05/205] | 在馆 | |
| 4 | 0333606 | 203336069 | 第一借阅区/ [索取号:B222.05/205] | 在馆 | |
| 5 | 0333607 | 203336078 | 第一样本阅览室/ [索取号:B222.05/205] | 在馆 |